000 00332nam a2200133Ia 4500
008 240624s9999 xx 000 0 und d
041 _aeng
082 _a006.74 XIE
100 _aXIE YIHUI
245 _aR MARKDOWN THE DEFINITIVE GUIDE
260 _c2019
_aLondon
_bCRC Press
300 _axxxiv, 303 p.; 23 cm.
365 _cBPS
_b35
999 _c31606
_d31606